Statistics for Golden State Warriors Trivia

Click here to take the quiz!

General Stats

  • This quiz has been taken 14,673 times
    (13,989 since last reset)
  • The average score is 12 of 18

Answer Stats

QuestionAnswer% Correct
The two leading three-point shooters in Warriors historyStephen Curry
99%
Player who left Oklahoma City to start his "next chapter" with Golden StateKevin Durant
96%
The two leading three-point shooters in Warriors historyKlay Thompson
94%
Nickname of these two players, collectivelyThe {Splash} Brothers
93%
Current head coach of the WarriorsSteve Kerr
91%
Warriors legend who scored 100 points in a single gameWilt Chamberlain
89%
Current player who has 31 triple doublesDraymond Green
88%
Number of games that the Warriors won in 2015–1673
81%
Player who won the NBA Finals MVP in 2015 for guarding LeBronAndre Iguodala
80%
Object depicted on the Warriors' logoThe Bay Bridge
65%
Hall of Famer who notably shot his free throws under-handedRick Barry
62%
City that the Warriors played in from 1946–1962Philadelphia
58%
Nickname of former player Nick YoungSwaggy P
45%
1990s point guard who was famous for his crossoverTim Hardaway
40%
Player nicknamed "Nate the Great" who once recorded a quadruple-doubleNate Thurmond
37%
Winner of the NBA dunk contest in 2002 and 2003Jason Richardson
32%
Interim coach during the 2015–16 seasonLuke Walton
30%
Player who choked coach P. J. Carlesimo during a 1997 practiceLatrell Sprewell
27%

Score Distribution

Percentile by Number Answered

Percent of People with Each Score

Your Score History

You have not taken this quiz since the last reset